<?xml version="1.0" encoding="UTF-8"?>
<record
    xmlns:xsi="http://www.w3.org/2001/XMLSchema-instance"
    xsi:schemaLocation="http://www.loc.gov/MARC21/slim http://www.loc.gov/standards/marcxml/schema/MARC21slim.xsd"
    xmlns="http://www.loc.gov/MARC21/slim">

  <leader>00665nam a2200229 a 4500</leader>
  <controlfield tag="001">BRL_890</controlfield>
  <controlfield tag="005">20190320210937.0</controlfield>
  <controlfield tag="008">231013s1977----mx-ae#####---#000-0#spa-#</controlfield>
  <datafield tag="041" ind1=" " ind2=" ">
    <subfield code="a">spa</subfield>
  </datafield>
  <datafield tag="044" ind1=" " ind2=" ">
    <subfield code="a">mx</subfield>
  </datafield>
  <datafield tag="050" ind1=" " ind2="4">
    <subfield code="a">F1391.S19</subfield>
    <subfield code="b">.M66 1977</subfield>
  </datafield>
  <datafield tag="100" ind1="1" ind2=" ">
    <subfield code="a">Montejano y Agui&#xF1;aga, Rafael</subfield>
    <subfield code="9">23310</subfield>
  </datafield>
  <datafield tag="245" ind1="1" ind2="0">
    <subfield code="a">Gu&#xED;a de la Ciudad de San Luis Potos&#xED;</subfield>
    <subfield code="c">Rafael Montejano y Aguinaga.</subfield>
  </datafield>
  <datafield tag="250" ind1=" " ind2=" ">
    <subfield code="a">5</subfield>
  </datafield>
  <datafield tag="260" ind1=" " ind2=" ">
    <subfield code="a">San Luis Potos&#xED;</subfield>
    <subfield code="b">Academia de Historia Potosina</subfield>
    <subfield code="c">[1977]</subfield>
  </datafield>
  <datafield tag="300" ind1=" " ind2=" ">
    <subfield code="a">202 p.</subfield>
    <subfield code="b">il.</subfield>
    <subfield code="c">17 cm.</subfield>
    <subfield code="e">+ 1 Plano</subfield>
  </datafield>
  <datafield tag="440" ind1=" " ind2="0">
    <subfield code="a">Estudios</subfield>
    <subfield code="v">9</subfield>
    <subfield code="9">25248</subfield>
  </datafield>
  <datafield tag="500" ind1=" " ind2=" ">
    <subfield code="a">Au1047</subfield>
  </datafield>
  <datafield tag="651" ind1=" " ind2="4">
    <subfield code="a">San Luis Potos&#xED; (M&#xE9;xico)</subfield>
    <subfield code="v">Gu&#xED;as</subfield>
    <subfield code="9">25249</subfield>
  </datafield>
  <datafield tag="902" ind1=" " ind2=" ">
    <subfield code="a">GRL</subfield>
  </datafield>
  <datafield tag="942" ind1=" " ind2=" ">
    <subfield code="2">lcc</subfield>
    <subfield code="c">B</subfield>
  </datafield>
  <datafield tag="999" ind1=" " ind2=" ">
    <subfield code="c">9702</subfield>
    <subfield code="d">9702</subfield>
  </datafield>
  <datafield tag="952" ind1=" " ind2=" ">
    <subfield code="0">0</subfield>
    <subfield code="1">0</subfield>
    <subfield code="4">0</subfield>
    <subfield code="7">0</subfield>
    <subfield code="a">BRL</subfield>
    <subfield code="b">BRL</subfield>
    <subfield code="d">2013-10-23</subfield>
    <subfield code="i">Au1047</subfield>
    <subfield code="l">0</subfield>
    <subfield code="o">F1391.S19 .M66 1977 (Au1047)</subfield>
    <subfield code="p">GRL00960</subfield>
    <subfield code="r">2019-03-22 00:00:00</subfield>
    <subfield code="w">2019-03-22</subfield>
    <subfield code="y">B</subfield>
  </datafield>
</record>
